000 00672nam a2200301Ia 4500
005 20260127113253.0
008 008 260114s9999 xx 000 0 eng d
020 _a9781032768274
037 _aTextbook
040 _aPSDL
040 _beng
040 _cPSDL
041 _2eng
041 _aeng
084 _aV43 R4
084 _qPSDL
100 _aHaque,Sk Tawfique M
_91111589
245 4 _aThe Displaced Rohingyas
245 0 _cHaque,Sk Tawfique M
260 _aLondon and New York
260 _bRoutledge
260 _c2024
300 _a270
942 _cTB
942 _hV43 R4
999 _c1677766
_d1677766